| 000 | 01273nam0a2200337 4500 | ||
|---|---|---|---|
| 001 | RU\NLR\bibl\1474075 | ||
| 005 | 20260408195455.0 | ||
| 010 |
_a978-5-699-39678-8 _94000 |
||
| 021 |
_aRU _b2010-4992 _952д/2010 |
||
| 035 | _a(NLR Aleph) 001465749 | ||
| 090 |
_a1611866 _c1611866 |
||
| 100 | _a20100216d2010 |||y0rusy50 ca | ||
| 101 | 0 | _arus | |
| 102 | _aRU | ||
| 105 | _ay ||||||||| | ||
| 200 | 1 |
_aСпецназ ГРУ в Афганистане _fСергей Баленко |
|
| 210 |
_aМосква _cЯуза _cЭксмо _d2010 |
||
| 215 |
_a253, [2] с. _d21 |
||
| 225 | 1 | _aГРУ | |
| 225 | 1 | _aВойска специального назначения | |
| 601 | 0 | 1 |
_aСССР _bГлавное разведывательное управление _xИстория _92163427 _3RU\NLR\auth\661301840 |
| 606 |
_aВойска специального назначения _xБоевые действия _yАфганистан _z1979 - 1989 _3RU\NLR\auth\661396584 _92335940 |
||
| 686 | _aЦ68,6(2)-221.1г | ||
| 686 | _aЦ68,6(2)2-54 | ||
| 686 | _aЦ35(0)635.4 | ||
| 700 | 1 |
_aБаленко _bС. В. _gСергей Викторович _4070 |
|
| 801 | 0 |
_aRU _bNLR _c20100216 _gRCR |
|
| 801 | 1 |
_aRU _bNLR _c20100216 |
|
| 942 | _cBOOK | ||
| 980 | _aNB | ||